000
00314pam a2200133a 44500
008
230405s xxu||||| |||| 00| 0 eng d
041
_a
ENG
100
_a
MS.DEEPTI BABBAR
245
_a
CATALOGING THEORY
_b
B.LIB.
260
_a
Pune
_b
SWASTIK PUBLISHING HOU.
_c
300
_a
413
690
_a
DONETED
906
_a
7502
999
_c
288313
_d
288313